000 01935nam a2200541 i 4500
001 9322
003 KOSZ 005
005 20200629115912.0
008 200415s1973 pl a f f 001 0 pol
015 _aPB 1973/4711
035 _a991033380179705066
035 _a(PL-WaBN)b18940055-48omnis_nlop
035 _ab18940055
035 _a(OCoLC)749164954
035 _a(PL)b0000001894005
035 _a(EXLNZ-48OMNIS_NETWORK)9910000591705606
040 _aWA N
_cWA N
_dKOSZ 005/EG
_dKOSZ 005/RW
041 1 _apol
_heng
046 _k1968
080 _a539.12
080 _a621.315.5
080 _a(075.8)
100 1 _aBlatt, Frank J.
_eAutor
245 1 0 _aFizyka zjawisk elektronowych w metalach i półprzewodnikach /
_cFrank J. Blatt ; [z angielskiego tłumaczyli Leszek Adamowicz i Alfred Zagórski].
246 3 0 _iTytuł oryginału:
_aPhysics of electronic conduction in solids
260 _aWarszawa :
_bPaństwowe Wydawnictwo Naukowe,
_c1973.
300 _a396 stron :
_bilustracje, errata ;
_c25 cm.
336 _aTekst
_btxt
_2rdacontent
337 _aBez urządzenia pośredniczącego
_bn
_2rdamedia
338 _aWolumin
_bnc
_2rdacarrier
380 _aKsiążki
380 _aPublikacje dydaktyczne
385 _mPoziom nauczania
_aSzkoły wyższe
388 _a1901-2000
388 _a1945-1989
504 _aBibliografia przy rozdziałach. Indeks.
650 7 _aElektrony
_2DBN
650 7 _aMetale
_2DBN
650 7 _aPółprzewodniki
_2DBN
655 7 _aPodręczniki akademickie
_2DBN
658 _aFizyka i astronomia
700 1 _aAdamowicz, Leszek
_c(fizyk)
_eTłumaczenie
700 1 _aZagórski, Alfred
_eTłumaczenie
710 2 _aPaństwowe Wydawnictwo Naukowe
_4pbl
856 _uhttp://koha.tu.koszalin.pl/cgi-bin/koha/opac-detail.pl?biblionumber=9322
_yKatalog online BPK
942 _2UKD
_cKS
999 _c9322
_d9322